000 01868cam a2200433 i 4500
999 _c57674
_d57674
001 20449790
005 20200902133138.0
008 180413t20182018nyu b 001 0 eng
010 _a 2018004954
020 _a9780374129293
_q(hardcover)
020 _z9780374906740
_q(Open Market edition)
040 _aDLC
_beng
_cDLC
_erda
042 _apcc
050 0 0 _aJF799
_b.F85 2018
080 _a32 F-96
100 1 _aFukuyama, Francis,
_eauthor.
_99377
245 1 0 _aIdentity :
_bthe demand for dignity and the politics of resentment /
_cFrancis Fukuyama.
250 _aFirst edition.
264 1 _aNew York :
_bFarrar, Straus and Giroux,
_c[2018]
264 4 _c© 2018.
300 _axvii, 218 pages ;
_c22 cm
336 _atext
_btxt
_2rdacontent
337 _aunmediated
_bn
_2rdamedia
338 _avolume
_bnc
_2rdacarrier
504 _aIncludes bibliographical references (pages [199]-203) and index.
505 0 _aThe politics of dignity -- The third part of the soul -- Inside and outside -- From dignity to democracy -- Revolutions of dignity -- Expressive individualism -- Nationalism and religion -- The wrong address -- Invisible man -- The democratization of dignity -- From identity to identities -- We the people -- Stories of peoplehood -- What is to be done?
650 0 _aPolitical participation
_xSocial aspects.
_99378
650 0 _aIdentity politics.
_99379
650 0 _aGroup identity
_xPolitical aspects.
_99380
650 0 _aDignity.
_99381
650 0 _aResentment.
_99382
650 0 _aPolarization (Social sciences)
_xPolitical aspects.
_99383
650 0 _aWorld politics
_y21st century.
_99190
653 _aპოლიტიკა
653 _aმსოფლიო პოლიტიკა
906 _a7
_bcbc
_corignew
_d1
_eecip
_f20
_gy-gencatlg
942 _2udc
_cBK
955 _bre23 2018-04-13
_ire23 2018-04-13 to SL